000 00578nam a2200181Ia 4500
008 090630s9999 xx 000 0 und d
082 _b6089
100 _aदेशमुख वसंत.
245 _aसरकारी दिवस.
_cदेशमुख वसंत.
260 _bमुक्ता.
_c1982
300 _a311
600 _aदेशमुख वसंत.
630 _aसरकारी दिवस.
655 _aलघुकथा.
700 _aदेशमुख वसंत.
730 _aसरकारी दिवस.
942 _cBOOK
999 _c257945
_d257945